| 000 | 00613nam a2200217Ia 4500 | ||
|---|---|---|---|
| 005 | 20260429111938.0 | ||
| 008 | 260429s9999||||xx |||||||||||||| ||und|| | ||
| 020 | _a9788119920419 | ||
| 041 | _aEnglish | ||
| 082 |
_a343.078 _bSIN |
||
| 100 | _aSinha, Swadesh | ||
| 245 | 0 |
_aTrends in travel and tourism : _blaw and ethics / _cSwadesh Sinha |
|
| 250 | _a1st ed. | ||
| 260 |
_aNew Delhi : _bVenus Books, Publishers & Distributors, _c2024. |
||
| 300 | _axi, 300 p.; hb | ||
| 650 | _a Hospitality law | ||
| 650 | _a Tourism ethics | ||
| 650 | _a Travel management | ||
| 650 | _aTourism law | ||
| 942 | _cTB | ||
| 999 |
_c51558 _d51558 |
||